Retórica /

La Retórica ha desarrollado a lo largo de su historia un completo instrumental teórico de total validez para el tratamiento del discurso persuasivo, pero también apropiado para el estudio de otros tipos de textos, pues la riqueza del planteamiento teórico de la Retórica ha hecho posible su extensión...

Full description

Bibliographic Details
Main Author: Albaladejo Mayordomo, Tomás
Format: Libro
Language:Spanish
Published: Madrid Síntesis 2010
Series:Lingüística 14
Subjects:
Online Access:

MARC

LEADER 00000cam a2200000 a 4500
001 020535
003 UAHC_CL
005 20170803121906.0
008 160816s2010 sp 000 spa
020 |a 8477380376 
040 |a UAHC_CL  |c UAHC_CL  |d UAHC_CL 
082 0 4 |a 808  |b A325  |2 20 
100 1 |a Albaladejo Mayordomo, Tomás 
245 1 0 |a Retórica /  |c Tomás Albadejo Mayordomo. 
260 |b Síntesis  |a Madrid  |c 2010 
300 |a 198 p. 
490 0 |a Lingüística  |v 14 
520 |a La Retórica ha desarrollado a lo largo de su historia un completo instrumental teórico de total validez para el tratamiento del discurso persuasivo, pero también apropiado para el estudio de otros tipos de textos, pues la riqueza del planteamiento teórico de la Retórica ha hecho posible su extensión al texto literario, y facilita ampliamente la explicación de la estructura del texto general y de su comunicación. 
650 4 |a RETORICA 
653 |a OB. PEDAGOGIA EN LENGUA CASTELLANA Y COMUNICACION 
900 |a 808 ALB 
942 |c BK 
952 |0 0  |1 0  |4 0  |6 808_000000000000000_ALB  |7 0  |8 General  |9 41156  |a BC  |b BC  |c General  |d 2017-08-03  |o 808 ALB  |p 1431210  |r 2026-01-13 00:00:00  |t 1  |w 2017-08-03  |y BK  |z También lo encuentras en bibliografias.academia.cl 
952 |0 0  |1 0  |4 0  |6 808_000000000000000_ALB  |7 0  |8 General  |9 41157  |a BC  |b BC  |c General  |d 2017-08-03  |o 808 ALB  |p 1431211  |r 2026-01-13 00:00:00  |t 2  |w 2017-08-03  |y BK  |z También lo encuentras en bibliografias.academia.cl 
999 |c 20535  |d 20535